<?xml version="1.0" encoding="UTF-8"?>
<record
    xmlns:xsi="http://www.w3.org/2001/XMLSchema-instance"
    xsi:schemaLocation="http://www.loc.gov/MARC21/slim http://www.loc.gov/standards/marcxml/schema/MARC21slim.xsd"
    xmlns="http://www.loc.gov/MARC21/slim">

  <leader>01472    a2200229   4500</leader>
  <controlfield tag="001">50014</controlfield>
  <controlfield tag="005">20260407155800.0</controlfield>
  <controlfield tag="008">260407a1968    arg                 spa d</controlfield>
  <controlfield tag="003">AR-UNSa-BCEJYS</controlfield>
  <datafield tag="040" ind1=" " ind2=" ">
    <subfield code="a">AR-UNSa-BCEJYS</subfield>
    <subfield code="b">spa</subfield>
    <subfield code="c">AR-UNSa-BCEJYS</subfield>
  </datafield>
  <datafield tag="080" ind1=" " ind2=" ">
    <subfield code="a">517</subfield>
    <subfield code="x">An&#xE1;lisis Matem&#xE1;tico</subfield>
  </datafield>
  <datafield tag="245" ind1="1" ind2="0">
    <subfield code="a">An&#xE1;lisis matem&#xE1;tico para economistas</subfield>
  </datafield>
  <datafield tag="250" ind1=" " ind2=" ">
    <subfield code="a">8a. ed.</subfield>
  </datafield>
  <datafield tag="264" ind1=" " ind2="1">
    <subfield code="a">Madrid :</subfield>
    <subfield code="b">Aguilar</subfield>
    <subfield code="c">1968</subfield>
  </datafield>
  <datafield tag="300" ind1=" " ind2=" ">
    <subfield code="a">xxiii, 548 p.</subfield>
    <subfield code="c">21 cm.</subfield>
  </datafield>
  <datafield tag="505" ind1=" " ind2=" ">
    <subfield code="a">1. N&#xFA;meros y variables - 2. Funciones: su representaci&#xF3;n gr&#xE1;fica - 3. Geometr&#xED;a anal&#xED;tica elemental - 4. L&#xED;mites y continuidad de las funciones - 5. Funciones y diagramas en la teor&#xED;a econ&#xF3;mica - 6. Derivadas y su interpretaci&#xF3;n - 7. La t&#xE9;cnica de la derivaci&#xF3;n - 8. Aplicaciones de las derivadas - 9. Funciones exponencial y logar&#xED;tmica - 10. Derivaci&#xF3;n logar&#xED;tmica - 11. Funciones de dos o m&#xE1;s variables - 12. Derivadas parciales y sus aplicaciones - 13. Diferenciales y diferenciaci&#xF3;n - 14. Problemas de m&#xE1;ximo y m&#xED;nimo - 15. Integrales de funciones de una variable - 16. Ecuaciones diferenciales - 17. Desarrollo en serie, f&#xF3;rmula de Taylor y diferenciales de orden superior - 18. Determinantes, ecuaciones lineales y formas cuadr&#xE1;ticas - 19. Nuevos problemas de m&#xE1;ximo y m&#xED;nimos - 20. Algunos problemas de c&#xE1;lculo de variaciones. </subfield>
  </datafield>
  <datafield tag="041" ind1=" " ind2=" ">
    <subfield code="a">spa</subfield>
  </datafield>
  <datafield tag="942" ind1=" " ind2=" ">
    <subfield code="c">BK</subfield>
  </datafield>
  <datafield tag="590" ind1=" " ind2=" ">
    <subfield code="a">niveau_biblio:m niveau_hierar:0</subfield>
  </datafield>
  <datafield tag="100" ind1="1" ind2=" ">
    <subfield code="a">Allen, Roy George Douglas</subfield>
  </datafield>
  <datafield tag="700" ind1="1" ind2=" ">
    <subfield code="a">Figueroa, Emilio de</subfield>
  </datafield>
  <datafield tag="999" ind1=" " ind2=" ">
    <subfield code="c">4932</subfield>
    <subfield code="d">4932</subfield>
  </datafield>
  <datafield tag="952" ind1=" " ind2=" ">
    <subfield code="0">0</subfield>
    <subfield code="1">0</subfield>
    <subfield code="4">0</subfield>
    <subfield code="7">0</subfield>
    <subfield code="a">BCEJYS</subfield>
    <subfield code="b">BCEJYS</subfield>
    <subfield code="c">16</subfield>
    <subfield code="d">2026-04-07</subfield>
    <subfield code="l">0</subfield>
    <subfield code="o">517 A425 8ed.</subfield>
    <subfield code="p">L24238</subfield>
    <subfield code="r">2026-04-07 15:58:00</subfield>
    <subfield code="w">2026-04-07</subfield>
    <subfield code="y">L</subfield>
  </datafield>
  <datafield tag="952" ind1=" " ind2=" ">
    <subfield code="0">0</subfield>
    <subfield code="1">0</subfield>
    <subfield code="4">0</subfield>
    <subfield code="7">0</subfield>
    <subfield code="a">BCEJYS</subfield>
    <subfield code="b">BCEJYS</subfield>
    <subfield code="c">16</subfield>
    <subfield code="d">2026-04-07</subfield>
    <subfield code="l">0</subfield>
    <subfield code="o">517 A425 8ed.</subfield>
    <subfield code="p">L21502</subfield>
    <subfield code="r">2026-04-07 15:58:00</subfield>
    <subfield code="w">2026-04-07</subfield>
    <subfield code="y">L</subfield>
  </datafield>
  <datafield tag="952" ind1=" " ind2=" ">
    <subfield code="0">0</subfield>
    <subfield code="1">0</subfield>
    <subfield code="4">0</subfield>
    <subfield code="7">0</subfield>
    <subfield code="a">BCEJYS</subfield>
    <subfield code="b">BCEJYS</subfield>
    <subfield code="c">16</subfield>
    <subfield code="d">2026-04-07</subfield>
    <subfield code="l">0</subfield>
    <subfield code="o">517 A425 8ed.</subfield>
    <subfield code="p">L24237</subfield>
    <subfield code="r">2026-04-07 15:58:00</subfield>
    <subfield code="w">2026-04-07</subfield>
    <subfield code="y">L</subfield>
  </datafield>
</record>
